000 00495nam a2200169 i 4500
001 50213
003 ES-MaACL
005 20230906162137.0
007 t|
008 030801s1970 mx ||||1| spa d
100 1 _aCruz, Salvador.
_941810
245 1 0 _aDel mexicano gusto por el vino /
_cSalvador Cruz.
260 _aMéxico :
_bSeminario de Cultura Mexicana,
_c1970.
300 _a20 p. ;
_c23 cm.
710 2 _aSeminario de Cultura Mexicana.
_96548
852 _aES-MaACL
_j2082-F-13
_bR.78612
999 _c50213
_d50213